Normal view
MARC view
- A Guide to MATLAB
Entry Topical Term
001 - CONTROL NUMBER
- control field: 122571
003 - CONTROL NUMBER IDENTIFIER
- control field: NUST
005 - DATE AND TIME OF LATEST TRANSACTION
- control field: 20240510153103.0
008 - FIXED-LENGTH DATA ELEMENTS
- fixed length control field: 240510|| aca||aabn | a|a d
040 ## - CATALOGING SOURCE
- Original cataloging agency: NUST
- Transcribing agency: NUST
150 ## - HEADING--TOPICAL TERM
- Topical term or geographic name entry element: A Guide to MATLAB
670 ## - SOURCE DATA FOUND
- Source citation: Work cat.: (NUST): Hunt R. Briar,Lipsman L.Ronald, Roseberg M. Jonathan 122570, A Guide to MATLAB, 2001.
